Antropología estructural
Sparad:
| Huvudupphovsman: | |
|---|---|
| Materialtyp: | Bok |
| Språk: | spanska |
| Publicerad: |
Buenos Aires
EUDEBA
1969
|
| Upplaga: | 2a. ed |
| Serie: | Manuales de EUDEBA. Antropología
|
| Ämnen: | |
| Taggar: |
Lägg till en tagg
Inga taggar, Lägg till första taggen!
|
MARC
| LEADER | 00000nam a2200000 a 4500 | ||
|---|---|---|---|
| 001 | UCZ3344 | ||
| 003 | CL-VaPUC | ||
| 008 | 951020e19690300AG |||||||||||||||||spa|d | ||
| 082 | 0 | 4 | |a 306 |b LEV |2 21 |
| 100 | |a Lévi-Strauss, Claude |e author |9 265689 | ||
| 245 | 1 | 0 | |a Antropología estructural |
| 250 | |a 2a. ed | ||
| 300 | |a 371 p | ||
| 942 | |c BK | ||
| 945 | |d 19951020 00:00:00 |a cmena | ||
| 260 | |a Buenos Aires |b EUDEBA |c 1969 | ||
| 650 | 0 | |a Antropología |9 233030 | |
| 650 | 0 | |a Estructuralismo |9 265696 | |
| 650 | 0 | |a Lingüística |9 265068 | |
| 650 | 0 | |a Sociedad |9 307903 | |
| 650 | 0 | |a Mitología |9 255719 | |
| 650 | 0 | |a Religión |9 255164 | |
| 650 | 0 | |a Artes |9 268202 | |
| 583 | |a last modification |c 20181024 16:38:01 |k Rodrigo Vera | ||
| 490 | 0 | |a Manuales de EUDEBA. Antropología | |
| 999 | |c 239827 |d 239825 | ||
| 952 | |0 0 |1 0 |4 0 |6 306_000000000000000_LEV_1969 |7 0 |8 A |9 251255 |a FDOPOS |b FDOPOS |d 2019-11-18 |i 427072K |o 306 LEV 1969 |p 427072K |r 2023-08-09 |w 2019-11-18 |y BK |k MLA | ||